[Event "GER-chT U18 Girls"]
[Site "Germany"]
[Date "2011.05.14"]
[Round "6.2"]
[White "Krissmer, Maria"]
[Black "Kuehnel, Lena"]
[Result "0-1"]
[WhiteElo "1006"]
[BlackElo "1863"]
[PlyCount "102"]
[EventDate "2011.05.13"]
[EventType "team-swiss"]
[EventRounds "7"]
[EventCountry "GER"]
[SourceTitle "EXT 2012"]
[Source "ChessBase"]
[SourceDate "2011.11.24"]
[SourceVersion "1"]
[SourceVersionDate "2011.11.24"]
[SourceQuality "1"]
[WhiteTeam "Rotteck Gymn (W)"]
[BlackTeam "Stein Koenigsberg (W)"]
[WhiteTeamCountry "GER"]
[BlackTeamCountry "GER"]

1. e4 c5 2. Nc3 e6 3. Nf3 a6 4. d4 cxd4 5. Nxd4 Qc7 6. Be3 Bb4 7. Be2 Bxc3+ 8. bxc3 Qxc3+ 9. Kf1 Nf6 10. Bf3 0-0 11. Bg5 Nc6 12. Ne2 Qa5 13. Bf4 Qb5 14. Rb1 Qa5 15. a3 Ne5 16. h3 Nxf3 17. gxf3 d5 18. exd5 Qxd5 19. Qxd5 Nxd5 20. Be5 b5 21. Rg1 f6 22. Bd6 Rd8 23. Bc5 e5 24. c3 Bxh3+ 25. Ke1 Rdc8 26. Be3 Nxc3 27. Nxc3 Rxc3 28. Ra1 Rd8 29. Ke2 Rc2+ 30. Ke1 Rd3 31. Rh1 Be6 32. Rh4 Rcc3 33. Rb4 Rxa3 34. Rxa3 Rxa3 35. Rb1 Bc4 36. f4 e4 37. Bc1 Rb3 38. Ra1 b4 39. Kd1 h5 40. Kc2 Rd3 41. Bb2 b3+ 42. Kc1 h4 43. Ra4 Bb5 44. Rxe4 h3 45. Re2 h2 46. Re1 Bc6 47. Kb1 h1Q 48. Rxh1 Bxh1 49. Kc1 a5 50. f3 Bxf3 51. f5 Rd1# 0-1

[Event "GER-chT U18 Girls"]
[Site "Germany"]
[Date "2011.05.14"]
[Round "4.2"]
[White "Krissmer, Maria"]
[Black "Liez, Franziska"]
[Result "0-1"]
[WhiteElo "1006"]
[BlackElo "1441"]
[PlyCount "72"]
[EventDate "2011.05.13"]
[EventType "team-swiss"]
[EventRounds "7"]
[EventCountry "GER"]
[SourceTitle "EXT 2012"]
[Source "ChessBase"]
[SourceDate "2011.11.24"]
[SourceVersion "1"]
[SourceVersionDate "2011.11.24"]
[SourceQuality "1"]
[WhiteTeam "Rotteck Gymn (W)"]
[BlackTeam "Limburg Mariens (W)"]
[WhiteTeamCountry "GER"]
[BlackTeamCountry "GER"]

1. e4 e5 2. Nf3 Nc6 3. Bc4 Nf6 4. Ng5 d5 5. exd5 Na5 6. Bb5+ c6 7. Be2 cxd5 8. d4 e4 9. Bf4 h6 10. Nh3 Qb6 11. b3 Nc6 12. Be5 Be6 13. Nf4 Nxe5 14. dxe5 Nd7 15. 0-0 Qc6 16. Qc1 Nxe5 17. Na3 a6 18. Qb2 Bd6 19. Nxe6 fxe6 20. Bh5+ g6 21. Bxg6+ Nxg6 22. Qg7 0-0-0 23. Qxg6 Bxa3 24. Qf6 Bc5 25. h3 Qb6 26. Rad1 Rdf8 27. Qh4 Rhg8 28. g4 Rg6 29. Rd2 e3 30. fxe3 Bxe3+ 31. Rdf2 Bxf2+ 32. Rxf2 Rgf6 33. Qg3 Rxf2 34. Qc3+ Kd8 35. Qg3 Rf1+ 36. Kg2 Qg1# 0-1